| 000 | 00445nam a22001577a 4500 | ||
|---|---|---|---|
| 003 | NUST | ||
| 038 | _aSaba | ||
| 082 |
_a004 _bMCS |
||
| 100 |
_aMahmoodzadeh, Moeen Qaemi _935066 |
||
| 245 |
_aA Control Framework for Openid _cMoeen Qaemi Mahmoodzadeh |
||
| 260 |
_aIslamabad : _bMCS-NUST, _c2012. |
||
| 300 |
_a139p. _c30cm |
||
| 650 |
_aInformation Security - Control Framework _935113 |
||
| 700 |
_aDr. Haider Abbas _921260 |
||
| 942 |
_2ddc _cTHE |
||
| 999 |
_c540858 _d540858 |
||